000 00955cab a22002295a 4500
001 E147597
008 090527s2009 xxk 000 0 eng d
035 _a(Sirsi) u147597
041 0 _aeng
110 2 _aCampaign to Protect Rural England
_94718
245 0 0 _aGreen belts for a greener future
_bsurvey
_h[electronic resource]
260 _c2009
490 _aCPRE News Release
520 _aAnnounces the launch of a survey on how people think the green belt should be used. The survey is open to those who live or own land in London, Bristol or Mersyside, and runs from April to July 2009.
590 _aKA NTK
651 4 _aLondon
651 4 _aBristol
651 4 _aMerseyside
690 _aENVIRONMENTAL AND LAND CONSULTANCY-PLANNING AND DEVELOPMENT
856 4 0 _uhttps://www.cpre.org.uk/campaigns/planning/green-belts/green-belts-green-belts-for-a-greener-future-survey
_zView the survey free of charge at www.cpre.org.uk...
942 _n0
999 _c81582
_d81582